The Earth Brokers (Record no. 63378)

000 -LEADER
fixed length control field 00530nam a22001937a 4500
003 - CONTROL NUMBER IDENTIFIER
control field NUST - PNEC
005 - DATE AND TIME OF LATEST TRANSACTION
control field 20170116180811.0
008 - FIXED-LENGTH DATA ELEMENTS--GENERAL INFORMATION
fixed length control field 150504b xxu||||| |||| 00| 0 eng d
020 ## - INTERNATIONAL STANDARD BOOK NUMBER
International Standard Book Number 0415109639
040 ## - CATALOGING SOURCE
Transcribing agency LIBRARY
082 ## - DEWEY DECIMAL CLASSIFICATION NUMBER
Classification number 363.7056 CHA
100 ## - MAIN ENTRY--PERSONAL NAME
9 (RLIN) 3382
Personal name Chatterjee, Pratap
245 ## - TITLE STATEMENT
Title The Earth Brokers
Statement of responsibility, etc. Pratap Chatterjee
250 ## - EDITION STATEMENT
Edition statement -
260 ## - PUBLICATION, DISTRIBUTION, ETC.
Place of publication, distribution, etc. USA:
Name of publisher, distributor, etc. New York,
Date of publication, distribution, etc. c 1994.
300 ## - PHYSICAL DESCRIPTION
Extent 191 p . :
650 ## - SUBJECT ADDED ENTRY--TOPICAL TERM
9 (RLIN) 3384
Topical term or geographic name entry element The Earth Brokers:
General subdivision Environmental degradation--Government policy
942 ## - ADDED ENTRY ELEMENTS (KOHA)
Source of classification or shelving scheme
Koha item type Book
Holdings
Withdrawn status Lost status Source of classification or shelving scheme Damaged status Not for loan Permanent Location Current Location Shelving location Date acquired Source of acquisition Cost, normal purchase price Total Checkouts Full call number Barcode Date last seen Cost, replacement price Price effective from Koha item type
          Pakistan Navy Engineering College (PNEC) Pakistan Navy Engineering College (PNEC)   11/29/1994 Global Link Information (CNS Spl Grant) 599.94   363.7056 CHA PNECLIB-017755 05/04/2015 599.94 11/29/1994 Book
© 2023 Central Library, National University of Sciences and Technology. All Rights Reserved.